000
00259nam a22000977a 4500
999
_c
526689
_d
526689
082
_a
SNT YA6 L585
100
_a
Lewi, Grant
_9
46249
245
_a
Do your own Horoscope in just 30 minutes!
_b
By Lewi, Grant
260
_a
New Delhi
_b
Jain
_c
1999
300
_a
475p